| 000 | 00597nam a2200217Ia 4500 | ||
|---|---|---|---|
| 003 | BUBTL | ||
| 008 | 151213s9999 xx 000 0 und d | ||
| 020 | _a0072480033 | ||
| 082 | _a808.0427/ L257e/ 2002 | ||
| 100 |
_a Longan, John _94639 |
||
| 245 |
_aEnglish Skills With Readings : _cJohn Longan |
||
| 250 | _a5th | ||
| 260 |
_aBoston _bMc Graw Hill _cc2002 |
||
| 300 |
_a[xxii], 742p. : _bill. 21cm |
||
| 500 | _aIncludes Index | ||
| 650 |
_aEnglish _93550 |
||
| 700 |
_aJohn Longan _94640 |
||
| 856 |
_k0 _l0 _yDownload |
||
| 942 |
_2ddc _cBK |
||
| 999 |
_c3299 _d3299 |
||